History Quiz

Random History or Famous Quiz

In Memoriam: 2012 Quiz Stats

 Plays Quiz Updated Feb 11, 2016

Also try: In Memoriam: 2013
Challenge
Share
Tweet
Score 0/42 Timer 12:00
3 Plays Today
% Correct
Whitney Houston
85%
Neil Armstrong
79.9%
Dick Clark
73.7%
Larry Hagman
64.1%
Andy Griffith
60.7%
Davy Jones
56.8%
Joe Paterno
51.2%
Phyllis Diller
49.9%
Jack Klugman
48.6%
Donna Summer
47.9%
Richard Dawson
43.9%
Michael Clarke Duncan
42.3%
Ernest Borgnine
42.2%
Ravi Shankar
41%
Sherman Hemsley
40.9%
Andy Williams
38.8%
Robin Gibb
36.8%
Etta James
33.6%
Mike Wallace
32.9%
Norman Schwarzkopf
32.8%
Alex Karras
27%
% Correct
Rodney King
25.3%
Charles Durning
24.2%
Sally Ride
23.1%
Don Cornelius
18.5%
Marvin Hamlisch
18.1%
Nora Ephron
16.6%
Helen Gurley Brown
15.1%
Rick Majerus
14.3%
Hector Camacho
12.9%
Adam Yauch
11.4%
Steve Sabol
10.5%
Ray Bradbury
10.3%
Art Modell
7.5%
J. Christopher Stevens
6.6%
Tony Scott
5.8%
Dave Brubeck
5.2%
Kitty Wells
5.1%
Doc Watson
3.9%
Tony Martin
3.1%
Vidal Sassoon
2.3%
Margaret Osborne duPont
1.3%

You're not logged in!

Compare scores with friends on all Sporcle quizzes.
Join for Free
OR
Log In

You Might Also Like...

Show Comments

Extras

Top Quizzes Today


Score Distribution

Your Account Isn't Verified!

In order to create a playlist on Sporcle, you need to verify the email address you used during registration. Go to your Sporcle Settings to finish the process.

Report this User

Report this user for behavior that violates our Community Guidelines.

Details: